000 01241nam a2200289 4500
001 0000021970
003 CO-CtgCURN
005 20250502143027.0
008 160627s1992 000 0 eng d
020 _a8448118189
040 _aCO-CtgCURN
_bspa
_ccoctgcurn
082 0 _a658.11
_bB516
100 1 _aBermejo, Manuel.
245 1 3 _aLa creacion de la empresa propia :
_bconsejos practicos para su puesta en marcha con exito /
_cManuel Bermejo, Isabel Rubio, Ignacio de la Vega , prologo, Luciano Benetton.
260 _aMadrid :
_bMcGraw-Hill,
_c1992.
300 _aviii, 209 p.
336 _2rdacontent
337 _2rdamedia
_asin mediacion
_bn
338 _2rdacarrier
_avolumen
_bnc
490 1 _aSerie MacGraw-Hill de management
504 _aIncluye bibliografia p. (209)
505 8 _aEmpresario y empresa -- En busca de la idea de negocio -- La puesta en Acción: el plan de negocio -- La busqueda de los recursos financieros -- La constitucion y los primeros pasos de la empresa -- Formulas alternativas para convertirse en empresario
650 0 _aAdministración de empresas.
908 _a160627
942 _cBK
_h658.11
_iB516
_2ddc
_n0
999 _c8564
_d8564